00525cam a22001937a 4500003000500000005001700005008004100022010001000063011001000073035001000083040000900093100002700102245001400129260003100143300000900174490006300183650002200246830006300268CHAP20220329133754.0971013s1980 r 00010 d a10674 a11646 a10885 cCHAP00aCabrera Parra, José.13aEl maíz aMéxico :bEnsayos,c1980 as.p. 0aCuadernos de literatura e investigación políticav; 1514aMaízxHistoria.0 aCuadernos de literatura e investigación políticav; 15